|
|
|
|
| LEADER |
00000nam a22000005a 4500 |
| 003 |
CL-ChBUA |
| 005 |
20171011155720.0 |
| 007 |
ta |
| 008 |
111115s2004 xxu||||| |||| 000 ||spa |
| 020 |
|
|
|a 9780758606525
|
| 040 |
|
|
|a CL-ChBUA
|c CL-ChBUA
|e rda
|
| 082 |
0 |
0 |
|a 220.7
|
| 100 |
1 |
|
|a Roehrs, Walter R.
|
| 245 |
1 |
0 |
|a Comentario bíblico Concordia ;
|b Una aproximación cristocéntrica y confesional a las Sagradas Escrituras
|
| 260 |
|
|
|a Saint Louis, MO.
|b Concordia
|c 2004
|
| 300 |
|
|
|a 1.448 p.
|c 26 cm.
|
| 504 |
|
|
|a índice
|
| 630 |
|
4 |
|a BIBLIA
|x COMENTARIOS
|
| 700 |
1 |
|
|a Franzmann, Martín
|
| 942 |
|
|
|c LIBR
|2 ddc
|
| 945 |
|
|
|0 nac
|
| 952 |
|
|
|0 0
|1 0
|2 ddc
|4 0
|6 R_220_700000000000000_C_732CON
|7 0
|9 68052
|a UNACH
|b UNACH
|c REA
|d 2011-11-15
|i 48.379
|l 13
|o R 220.7 / C 732con
|p 69184
|r 2025-11-03 21:43:53
|s 2016-06-21
|u 68052
|w 2012-08-08
|y LIBR
|
| 999 |
|
|
|c 29155
|d 29155
|